Evénements du 19 novembre - Statistiques

Statistiques générales
  • Ce quiz a été pris 49 fois
  • Le résultat moyen est 7 sur 15
Statistiques - réponses
Hint Réponse % Correct
Les troupes américaines entrent dans Metz 1944
84%
Découverte de Porto Rico par Christophe Colomb 1493
81%
Alunissage d'Apollo 12 1969
69%
Naissance d'Indira Gandhi 1917
66%
Lancement de la liseuse Kindle par Amazon 2007
59%
Mort de l'homme au masque de fer 1703
56%
Visite historique de l'égyptien Anouar el Sadate en Israël 1977
53%
Election du pape Clément VII 1523
47%
Lancement de la télévision Telé Monte-Carlo 1954
47%
Lancement de Shenzhou 1, premier vol spatial chinois 1999
38%
Mort du compositeur Franz Schubert 1828
34%
Naissance de Charles 1er d'Angleterre 1600
31%
Naissance de Ferdinand de Lesseps 1805
28%
Ouverture du musée du Prado 1819
16%
Fondation de l'université de Varsovie 1816
9%
Aucun quiz correspondant
Distribution des résultats
% des personnes avec chaque résultat
Percentile par nombre de réponses
Votre historique - résultats
Vous n’avez pas pris ce quiz